00575nam a2200193 a 45000010005000000030009000050080041000140400028000550820019000831000025001022450074001272600053002013000015002544900023002696500032002926500028003249420012003529990017003647093CO-ViMGA141112s2004 ck r 000 u spa d aCO-ViMGAbspacCO-ViMGA04aCo863.44 L691c1 aLozano, Pilar91037510aColombia, mi abuelo y yo : brelatos mágicos de nuestra geografía aSantafé de Bogotá : bPanAméricana, c1996 a175 p : il aLiteratura juvenil14aCOLOMBIA - GEOGRAFIA91138114aCUENTOS COLOMBIANOS931 2ddccBK c19058d19058